| 000 | 01304nam0a2200337 4500 | ||
|---|---|---|---|
| 001 | RU\NLR\bibl\1657556 | ||
| 005 | 201310260633 | ||
| 010 |
_a978-5-353-04759-9 _95000 |
||
| 021 |
_aRU _b2010-48662 _9288д/2010 |
||
| 035 | _a(NLR Aleph) 001648854 | ||
| 035 | _a(nilc)RSL-KNO-004702407 | ||
| 090 |
_a908824 _c908824 |
||
| 100 | _a20100628d2010 c y0rusy50 ca | ||
| 101 | 0 | _arus | |
| 102 | _aRU | ||
| 105 | _aa ||||||||| | ||
| 200 | 1 |
_aТайна Хрустального замка _e[повесть _eдля младшего школьного возраста] _fСофья Прокофьева _gхудож. Н. Салиенко |
|
| 210 |
_aМосква _cРОСМЭН _cРОСМЭН-ПРЕСС _d2010 |
||
| 215 |
_a124, [3] с. _cцв. ил. _d24 |
||
| 225 | 1 | _aСказочные повести | |
| 686 |
_aШ9(2)6=Р70-2 _2rubbk |
||
| 686 | _aШ9(2)60=Р7-2 | ||
| 700 | 1 |
_aПрокофьева _bС. Л. _f1928-2025 _gСофья Леонидовна _3RU\NLR\AUTH\772692 _4070 |
|
| 702 | 1 |
_aСалиенко _bН. П. _cхудожник _f1961- _gНаталья Петровна _3RU\NLR\auth\7767662 _4040 |
|
| 801 | 0 |
_aRU _bРГБ _c20100628 _grcr |
|
| 801 | 1 |
_aRU _bРГБ _c20100628 |
|
| 801 | 2 |
_aRU _bNLR _c20100722 _grcr |
|
| 942 | _cBOOK | ||
| 980 | _aNB | ||